000 00692cam a2200205 4500
001 ABS61182
008 000000n1999 000 0 eng u
035 _a(Sirsi) u101773
100 _aGodowski, S.
245 _aSelling the idea of learning.
260 _c1999
490 _aArchitects' Journal
_v210(9) 9 September 1999, 50-51(2)
520 _aLooks at recent designs of libraries, schools and other places of learning, to see how ideas from retail design are being used to try and make the buildings more accessible.
650 _aDESIGN
650 _aARCHITECTURE
650 _aSCHOOLS
650 _aLIBRARIES
690 _aBUILT ENVIRONMENT-CONSTRUCTION DESIGN
942 _n0
999 _c60887
_d60887